000 00633cam a22002411 4500
001 sa 68011039
003 DLC
005 20260227112557.0
008 900221s1965 ii c 000 0 sano
010 _asa 68011039
035 _a(OCoLC)21104506
040 _aDLC
_cWaU
_dDLC
041 0 _asanhin
042 _apremarc
050 0 0 _aPK3791.B4
_bP6 1965
100 0 _aBhāsa.
245 1 0 _aPratijñāyaugandharāyaṇa nāṭaka.
260 _c1965.
300 _a86, 2, 200 p.
_bport.
_c19 cm.
500 _aHindi and Sanskrit; introd. in Hindi.
700 1 _aPant, Mohandev,
_d1905-
700 1 _aBahala, Mādhavasvarūpa.
999 _c83692
_d83692